P.E.S. - Club Dogo Feat. Giuliano Palma - Testo Completo - Statistics

Statistiche generali
  • Questo quiz è stato fatto 182 volte
  • Il punteggio medio è 337 su 504
Statistiche sulle risposte
Risposta % Corretto
e
99%
È
99%
E
99%
è
99%
Fumo
99%
G,
99%
PES
99%
po'
99%
U,
99%
a
98%
gioco
98%
dopo
97%
un
97%
dal
94%
Dal
94%
del
94%
me
94%
me,
94%
stress
94%
io
93%
Sto
93%
sto
93%
lontano
92%
dallo
91%
Valdes
91%
Messi,
87%
messi
87%
Pato,
86%
Pato
86%
di
84%
Mexes,
84%
Eh oh,
83%
eh oh
83%
"Oh
83%
"Oh,
83%
oh,
83%
oh
83%
oh-oh”
83%
yo",
83%
la
80%
La
80%
le
77%
al
73%
mi
73%
Se
73%
in
72%
Su
72%
yes”
72%
"Yes,
72%
yes,
72%
Tu
68%
divano
67%
Play
66%
dico:
65%
no
65%
ti
65%
il
64%
che
63%
Che
63%
'sta
62%
dalla
61%
sul
61%
campionato
60%
Champions
59%
Ma
59%
League
58%
PlayStation
58%
re
58%
Come
57%
come
57%
palla
56%
passo
56%
Passo
56%
della
55%
per
55%
Per
55%
Sono
55%
Accendo
54%
Zio,
54%
zio,
54%
curva
53%
goal,
53%
goal
53%
solo
53%
tutta
53%
c'è
51%
riprendo:
51%
stare
51%
voglio
51%
Oggi
50%
rovescio
49%
con
47%
chi
46%
Frate',
46%
frate’
46%
frate',
46%
tipo:
46%
tipo
46%
Tipo
46%
collassato
45%
ho
45%
Pro
45%
"Ale
42%
boss
42%
Faccio:
42%
faccio
42%
Intorno
42%
non
42%
poi
42%
una
42%
cori
41%
crossami
41%
nove
41%
Guè
40%
numero
40%
Siamo
40%
siamo
40%
turnover
39%
tutti
38%
Adebayor
37%
Calcio
37%
fanno
37%
goleador,
37%
Jake
37%
Mino
37%
Raiola
37%
Don
36%
Questa
36%
mercato
35%
dribblare
34%
fuori
34%
prima
34%
punta,
34%
Ronaldo
34%
tempo
34%
base
33%
Paco
33%
scuola
33%
birra
32%
gesti
32%
Joe
32%
Leo
32%
Neymar
32%
quando
32%
Rabanne
32%
Sulla
32%
vado
32%
vecchia
32%
adesso
31%
devo
31%
notte
31%
Baby,
30%
baby,
30%
ha
30%
Moretti
30%
proprio
30%
sera
30%
chiamerò
29%
giuro
29%
Ora
29%
parlare
29%
profumato,
29%
segno
29%
smarcato
29%
champagne,
27%
dita,
27%
dita
27%
lavora
27%
nel
27%
Nintendo,
27%
partita
27%
poco
27%
senti
27%
stasera
27%
suona
27%
Cristiano
26%
dammi
26%
Dedicato
26%
miei
26%
sport
26%
ai
25%
strani
25%
weeda,
25%
chiappe
24%
delle
24%
fino
24%
giochi
24%
l'antidolorifico
24%
lavori
24%
scrocchiano
24%
vendo
24%
coi
23%
Compro
23%
qui
23%
Tanto
23%
tanto
23%
all'indomani
22%
alzo
22%
Aspirano
22%
diploma
22%
finché
22%
fratelli
22%
giocatori
22%
resto
22%
Scusa,
22%
tacchetti
22%
microfono
21%
nella
21%
ventisei
21%
eppure
20%
lascio
20%
rolla
20%
caldo,
19%
Dribblo
19%
iniziano
19%
metri
19%
Nike
19%
poltrona
19%
quadri,
19%
talmente
19%
all'X-Box
18%
comprare
18%
nuove
18%
posto,
18%
Salotto,
18%
cinque
17%
due
17%
leggenda
17%
tiri
17%
Zelda
17%
essere
16%
penso
16%
pronto
16%
match,
15%
torcia
15%
sberla,
14%
sull'erba
14%
occhio
12%
rosso,
12%
King
10%
polso,
9%
Slego
7%
basso
6%
ISS
6%
Nessun quiz corrispondente trovato
Distribuzione punteggi
Percentuale di utenti per punteggio
Percentile per numero di risposta
I tuoi punteggi nel tempo
Non hai fatto questo quiz